Detalles MARC
| 000 -LEADER |
| fixed length control field |
00888nam a2200325 4500 |
| 001 - CONTROL NUMBER |
| control field |
2386 |
| 003 - CONTROL NUMBER IDENTIFIER |
| control field |
DO-SdBNP |
| 005 - DATE AND TIME OF LATEST TRANSACTION |
| control field |
20160421101142.0 |
| 007 - PHYSICAL DESCRIPTION FIXED FIELD--GENERAL INFORMATION |
| fixed length control field |
2386 |
| 008 - FIXED-LENGTH DATA ELEMENTS--GENERAL INFORMATION |
| fixed length control field |
850110s1985 sp a 000 spa |
| 016 7# - NATIONAL BIBLIOGRAPHIC AGENCY CONTROL NUMBER |
| Record control number |
|
| Canceled/invalid record control number |
|
| Source |
BPMSU |
| 017 ## - COPYRIGHT OR LEGAL DEPOSIT NUMBER |
| Copyright or legal deposit number |
|
| Assigning agency |
|
| 020 ## - INTERNATIONAL STANDARD BOOK NUMBER |
| International Standard Book Number |
8420440906 |
| 035 ## - SYSTEM CONTROL NUMBER |
| System control number |
|
| 040 ## - CATALOGING SOURCE |
| Original cataloging agency |
BPMSU |
| Language of cataloging |
spa |
| Transcribing agency |
BPMSU |
| Description conventions |
|
| 041 1# - LANGUAGE CODE |
| Language code of text/sound track or separate title |
spa |
| Language code of original |
|
| 080 #0 - UNIVERSAL DECIMAL CLASSIFICATION NUMBER |
| Universal Decimal Classification number |
|
| 100 1# - MAIN ENTRY--PERSONAL NAME |
| Personal name |
Sempé, Jean-Jaques |
| Dates associated with a name |
1932- |
| 240 13 - UNIFORM TITLE |
| Uniform title |
<a href="Le petit Nicolas">Le petit Nicolas</a> |
| Language of a work |
español |
| 245 13 - TITLE STATEMENT |
| Title |
El pequeño Nicolás / |
| Medium |
|
| Statement of responsibility, etc. |
Sempé Goscinny ; traducción del francés de Esther Benítez |
| 250 ## - EDITION STATEMENT |
| Edition statement |
|
| 260 ## - PUBLICATION, DISTRIBUTION, ETC. (IMPRINT) |
| Place of publication, distribution, etc. |
Madrid : |
| Name of publisher, distributor, etc. |
Alfaguara, |
| Date of publication, distribution, etc. |
1985 |
| 300 ## - PHYSICAL DESCRIPTION |
| Extent |
135 p. : |
| Other physical details |
il. ; |
| Dimensions |
19 cm |
| 490 0# - SERIES STATEMENT |
| Series statement |
Infantil, juvenil Alfaguara |
| 700 1# - ADDED ENTRY--PERSONAL NAME |
| Titles and other words associated with a name |
|
| 700 1# - ADDED ENTRY--PERSONAL NAME |
| Personal name |
Benítez, Esther |
| Dates associated with a name |
1937-2001 |
| Relator term |
tr. |
| 830 ## - SERIES ADDED ENTRY--UNIFORM TITLE |
| Uniform title |
Infantil, juvenil Alfaguara |
| 942 ## - ADDED ENTRY ELEMENTS (KOHA) |
| Source of classification or shelving scheme |
Dewey Decimal Classification |
| Koha item type |
Libros |
| 956 ## - LOCAL ELECTRONIC LOCATION AND ACCESS (OCLC) |
| Host name |
VMATEO |
| Access method |
10 |
| Materials specified |
20160421 |
| Linkage |
BPMSU |
| Field link and sequence number |
0069 |